Samsun 1919 (Record no. 12544)

MARC details
000 -BAŞLIK
Sabit Uzunlukta Kontrol Alanı 00742na a2200253 4500
001 - KONTROL NUMARASI
Denetim Alanı 24604
003 - KONTROL NUMARASI IDENTIFIER
Denetim Alanı MIRAKIL
005 - SON İŞLEM TARİHİ VE ZAMANI
Denetim Alanı 20190109120944.0
008 - SABİT-BOY VERİ ELEMANLARI - GENEL BİLGİLER
Sabit Uzunlukta Kontrol Alanı 181217b tu 000 0
020 ## - ULUSLARARASI STANDART KİTAP NUMARASI
Uluslararası Standart Kitap Numarası 9759715902
041 ## - DİL KODU
Metin / Ses Parça Veya Ayrı Başlığın Dil Kodu tur
082 ## - DEWEY ONLU SINIFLANDIRMA NUMARASI
Sınıflandırma Numarası 956.1023
Ürün Numarası B27s 2000
090 ## - SINIFLAMA NUMARASI
Sınıflama Numarası 956.1023 B27s 2000
100 ## - ANA GİRİŞ - KİŞİSEL İSİM
Kişisel Ad Baskın, Refik
245 ## - BAŞLIK TABLOSU
Başlık Samsun 1919
Sorumluluk Tablosu, Vb Refik Baskın
260 ## - YAYIN, DAĞITIM, VB
Yayın, Dağıtım, Vb Yeri Samsun
Yayıncı, Dağıtıcı, Vs Adı Barış Gazetesi yayınları
Yayın, Dağıtım, Vb Tarihi 2000
Üretici Firma Cem Ofset
300 ## - FİZİKSEL TANIM
Kapsam 167 s.
Boyutlar 20 sm.
440 ## - SERİSİ TABLOSU / KATMA GİRİŞİ - BAŞLIK
Başlık Barış Gazetesi yayınları
Hacim / Ardışık Tanımı 5
504 ## - KAYNAKÇA VB NOT
Kaynakça Vb Notu Kaynakça var.
650 ## - KONU KATMA GİRİŞ - TOPİKAL DÖNEM
Topikal Süreli Veya Coğrafi Ad Giriş Elemanı Türkiye
Genel Alt Bölümü Kurtuluş Savaşı, 1919-1923
Coğrafi Alt Bölümü Samsun
650 ## - KONU KATMA GİRİŞ - TOPİKAL DÖNEM
Topikal Süreli Veya Coğrafi Ad Giriş Elemanı Türkiye
Genel Alt Bölümü Tarih
-- Milli Mücadele Dönemi
651 ## - KONU KATMA GİRİŞ - COĞRAFİ ADI
Coğrafi İsim Samsun
Genel Alt Bölümü Tarih
Kronolojik Alt Bölümü Milli mücadele
942 ## - EKLENDİ GİRİŞ ELEMANLARI (KOHA)
Sınıflandırma Veya Raf Düzeni Kaynak Dewey Decimal Classification
Koha Öğesi Türü Books
999 ## - SİSTEM KONTROL NUMARALARI (KOHA)
Koha Biblionumber 12544
Koha Biblioitemnumber 12544
Holdings
Kalıcı Konum Mevcut Konum Edinme Tarihi Edinim Kaynak Toplam Check-Out'Lar Tam Çağrı Numarası Barkod Tarih Son Görülme İtibaren Geçerli Fiyatlar Koha Öğesi Türü
CHP Kütüphanesi CHP Kütüphanesi 01/09/2019 Bağış   956.1023 B27s 2000 018681 01/09/2019 01/09/2019 Books